000 00276nam a2200109Ia 4500
008 230907s9999||||xx |||||||||||||| ||und||
082 _a621.392
_bMAN
100 _aMano, M. Morris,
245 0 _aLogic and computer design fundamentals /
300 _a672 pages :
942 _cBK
999 _c599987
_d599987